| 000 | 00365nam a2200145Ia 4500 | ||
|---|---|---|---|
| 008 | 150201s2005 xx 000 0 und d | ||
| 082 |
_a641.1 _bF05M |
||
| 100 | _aMUKHOPADHYAY , K. | ||
| 245 | _aEXAM-ORIENTED FORENSIC MEDICINE & TOXICOLOGY | ||
| 250 | _a1ST | ||
| 260 |
_bCBS _aDELHI _c2005 |
||
| 300 | _a1-118 | ||
| 650 | _aFORENSIC MEDICINE | ||
| 942 |
_2ddc _cBK _02 |
||
| 999 |
_c1271 _d1271 |
||